000
00322nam a2200133Ia 4500
008
191201s2009 xx 000 0 und d
100
_a
Chaturvedi, P D
245
0
_a
Business communication concepts,cases
250
_a
IMP 5th
260
_a
N.Delhi
_b
pearson
_c
2009
300
_a
500
650
_a
MBA
942
_2
ddc
_c
BK
_0
5
999
_c
4137
_d
4137